000 nam a22 a 4500
999 _c3443
_d3443
003 AKMAL
005 20170523085257.0
008 170523s2000 xxk 00 eng d
020 _a0155073141 (pbk.):
_cRM64.26
040 _aAKMAL
082 0 4 _a658.45 ADL
_221
090 0 0 _a658.45
_bADL
100 1 _aAdler, Ronald B.
_q(Ronald Brian),
_d1946-
_96926
245 1 0 _aUnderstanding human communication /
_cRonald B. Adler, George Rodman
250 _a7th ed.
260 _aFort Worth, TX :
_bHarcourt College Publishers,
_c2000
300 0 0 _axxi, various pagings :
_bill. (some col.) ;
_c26cm
504 _aIncludes bibliographical references and index
650 0 _aCommunication
_9486
700 1 _aRodman, George,
_d1948-
_96927
942 _2ddc
_cBOOK